| 000 | 01736cad a22002295a 4500 | ||
|---|---|---|---|
| 001 | L148102 | ||
| 008 | 090727e20090617xxk f f000 0 eng d | ||
| 035 | _a(Sirsi) u148102 | ||
| 041 | 0 | _aeng | |
| 050 | 0 | 4 | _a711.1 $2 18 |
| 110 | 1 |
_aUnited Kingdom _bParliament _bHouse of Commons _bSelect Committee of Public Accounts _93570 |
|
| 245 | 0 | 0 |
_aPublic Accounts Committee _bthirty-third report, planning for homes, speeding up planning applications for major housing developments in England _h[electronic resource] |
| 260 |
_aLondon _bUK Parliament _c2009 |
||
| 505 | 2 | _aTerms of reference -- Summary -- Conclusions and recommendations -- 1 - Improving incentives for local planning authorities-- 2 - Improving the development management process -- 3 - Improving planning capacity -- Formal minutes -- Witnesses -- List of written evidence -- List of reports from the Committee of Public Accounts 2008-09 | |
| 520 | _aExamines the efficiency of measures set out by the Department for Communities and Local Government to improve the development management stage of the planning process and to increase planning capacity. Finds that: the Department for Communities and Local Government has increased the number of major applications to 67%; it needs more data to improve the time taken to deliver new housing; pre-application discussions need to be clearer and more consistency is needed in Local Authorities' funding of planning applications. | ||
| 521 | _aAdvanced | ||
| 590 | _aKA | ||
| 651 | 4 |
_aEngland _y886- |
|
| 690 |
_aPlanning and development _96259 |
||
| 856 | 4 | 0 |
_uhttps://www.publications.parliament.uk/pa/cm200809/cmselect/cmpubacc/236/23602.htm _zView the item free of charge at www.publications.parliament.uk... |
| 942 | _n0 | ||
| 999 |
_c109880 _d109880 |
||